000 00642nam a2200217 a 4500
001 000027376
003 OSt
005 20201006110257.0
008 110330s1970 dr abc 000 0 spa d
040 _aDO-SdBNP
_bspa
_cBNPHU
082 _axxx
_bM762b, 1970
100 1 _aMontás, Argentina
_930572
245 1 0 _aBosquejo de la historia de América /
_cArgentina Montás.
250 _a4a ed.
260 _aSanto Domingo :
_bEditora del Caribe,
_c1970.
300 _a288 p. :
_bil., mapa, retrs. ;
_c23 cm.
504 _aBibliografía : p. 289
590 _aInventariado, 2020 / DG
910 _aInventariado, 2020 / DG
942 _2ddc
_cLF1
999 _c26868
_d26868